000 00633nam a22002537a 4500
003 UA-OsUOA
001 31579
007 ta
008 20041224b un ||||| |||| 00| 0 ukr d
100 _aИордан
090 _a94(4)(092)
_bИ98
942 _cBK
040 _aUA-OsUOA
_brus
_cUA-OsUOA
_dUA-OsUOA
245 _aО происхождении и деяниях гетов
_cИордан
300 _a505 с.
955 _a0
041 _arus
080 _a94(4)(092)
020 _a5-89329-030-1
260 _aСанкт-Петербург
_bАлетейя
_c1997
044 _aRU
650 7 _2UDC
999 _c318008
_d318008